Teoretické východiská rozhodovacích procesov u manažérov v kontexte manažmentu a psychológie
Cieľom článku je poskytnúť ucelený prehľad pojmov súvisiacich s rozhodovacími procesmi u manažérov. Sústreďuje sa na riešenú problematiku u nás i v zahraničí, pričom sa prelínajú dva pohľady – manažérsky a psychologický. Článok skúma rolu manažéra v modernom podnikovom prostredí a jeho schopnosť pln...
Guardado en:
| Autor principal: | |
|---|---|
| Otros Autores: | |
| Formato: | Capítulo de libro |
| Lenguaje: | eslovaco |
| Materias: | |
| Etiquetas: |
Sin Etiquetas, Sea el primero en etiquetar este registro!
|
MARC
| LEADER | 00000naa a2200000 4500 | ||
|---|---|---|---|
| 001 | 0315233 | ||
| 005 | 20260303104246.2 | ||
| 041 | 0 | |a slo | |
| 044 | |a SK | ||
| 245 | 1 | 0 | |a Teoretické východiská rozhodovacích procesov u manažérov v kontexte manažmentu a psychológie |c Andrea Olejníková, Erich Schlesinger |
| 520 | |a Cieľom článku je poskytnúť ucelený prehľad pojmov súvisiacich s rozhodovacími procesmi u manažérov. Sústreďuje sa na riešenú problematiku u nás i v zahraničí, pričom sa prelínajú dva pohľady – manažérsky a psychologický. Článok skúma rolu manažéra v modernom podnikovom prostredí a jeho schopnosť plniť rôznorodé úlohy, podčiarkuje dôležitosť manažéra a jeho aplikáciu manažérskych funkcií pri dosahovaní cieľov a udržiavaní úspešnej organizácie. | ||
| 610 | 2 | 0 | |a procesy rozhodovacie |
| 610 | 2 | 0 | |a manažéri |
| 610 | 2 | 0 | |a psychológia |
| 100 | 1 | |a Olejníková, Andrea | |
| 700 | 1 | |a Schlesinger, Erich, 1995- | |